000 00532nam a2200121 4500
999 _c10483
_d10483
008 180831b ||||| |||| 00| 0 eng d
100 _930770
_aDe Vera, Ruel S.
245 _aMartial law- 'grisly one-stop butcher shop for human rights abuses':
_bRaissa Robles' exhaustive 'Marcos martial law: never again' is a must-read for those who never lived through that turbulent period.
_cRuel S. De Vera
260 _aPhilippines
_bPhilippine Daily Inquirer
_cc2016
300 _apage C3.
650 0 _930771
_aHuman rights.
942 _2ddc
_cPER